| 000 -LEADER |
| fixed length control field |
01271cam a2200241 a 4500 |
| 001 - CONTROL NUMBER |
| control field |
16673470 |
| 005 - DATE AND TIME OF LATEST TRANSACTION |
| control field |
20210616125237.0 |
| 008 - FIXED-LENGTH DATA ELEMENTS--GENERAL INFORMATION |
| fixed length control field |
110302s2011 ksua b 000 0 eng d |
| 020 ## - INTERNATIONAL STANDARD BOOK NUMBER |
| International Standard Book Number |
9781934575826 |
| 080 ## - UNIVERSAL DECIMAL CLASSIFICATION NUMBER |
| Universal Decimal Classification number |
616.896+37 B-49 |
| 100 1# - MAIN ENTRY--PERSONAL NAME |
| Personal name |
Bernard - Opitz, Vera |
| 9 (RLIN) |
12060 |
| 245 10 - TITLE STATEMENT |
| Title |
Visual support for children with autism spectrum disorders : |
| Remainder of title |
materials for visual learners / |
| Statement of responsibility, etc. |
Vera Bernard-Opitz and Anne Häussler ; foreword by Gary Mesibov. |
| 264 ## - PRODUCTION, PUBLICATION, DISTRIBUTION, MANUFACTURE, AND COPYRIGHT NOTICE |
| Place of production, publication, distribution, manufacture |
Shawnee Mission, Kan. : |
| Name of producer, publisher, distributor, manufacturer |
AAPC Publishing, |
| Date of production, publication, distribution, manufacture, or copyright notice |
2011. |
| 300 ## - PHYSICAL DESCRIPTION |
| Extent |
228 p. : |
| Other physical details |
ill. ; |
| Dimensions |
29 cm. |
| 653 ## - INDEX TERM--UNCONTROLLED |
| keyword |
აუტიზმის სპექტრის აშლილობის მქონე ბავშვები |
| 653 ## - INDEX TERM--UNCONTROLLED |
| keyword |
შეზღუდული შესაძლებლობის მქონე ბავშვების მასწავლებლები |
| 653 ## - INDEX TERM--UNCONTROLLED |
| keyword |
Учителя детей с ограниченными возможностями |
| 700 1# - ADDED ENTRY--PERSONAL NAME |
| Personal name |
Häussler, Anne. |
| Relator term |
ავტორი |
| 9 (RLIN) |
12061 |
| 700 1# - ADDED ENTRY--PERSONAL NAME |
| Personal name |
Mesibov, Gary |
| Relator term |
წინასიტყვაობის ავტორი |
| 9 (RLIN) |
12062 |
| 942 ## - ADDED ENTRY ELEMENTS (KOHA) |
| Source of classification or shelving scheme |
|
| Koha item type |
წიგნი |